Reforma de la administración municipal en Costa Rica /
Presenta una revisión histórica de las competencias del gobierno local, así como una caracterización de su problemática. Estudia también la situación del gasto municipal, introduciendo la conceptualización de la reestructuración de este ente y un análisis de las reformas concretas de descentralizaic...
Збережено в:
| Автор: | |
|---|---|
| Інші автори: | , , |
| Формат: | Текст |
| Предмети: | |
| Теги: |
Додати тег
Немає тегів, Будьте першим, хто поставить тег для цього запису!
|
MARC
| LEADER | 00000 a a2200000 04500 | ||
|---|---|---|---|
| 001 | 14112 | ||
| 003 | |||
| 040 | |||
| 100 | |a Jiménez, Juan Luis | ||
| 245 | |a Reforma de la administración municipal en Costa Rica / |c Juan Luis Jiménez ; Alejandro Chávez ; Jorge Luis Acevedo ; Gerardo Cascante | ||
| 520 | |a Presenta una revisión histórica de las competencias del gobierno local, así como una caracterización de su problemática. Estudia también la situación del gasto municipal, introduciendo la conceptualización de la reestructuración de este ente y un análisis de las reformas concretas de descentralizaicón de servicios y fortalecimiento municipal. RCAP | ||
| 650 | |a GOBIERNO LOCAL | ||
| 650 | |a DESCENTRALIZACION | ||
| 650 | |a LEGISLACION | ||
| 650 | |a ESTADO | ||
| 650 | |a MODERNIZACION | ||
| 650 | |a SERVICIOS PUBLICOS | ||
| 650 | |a GASTOS | ||
| 650 | |a INGRESO | ||
| 700 | |a Chávez, Alejandro | ||
| 700 | |a Acevedo, Jorge Luis | ||
| 700 | |a Cascante, Gerardo | ||
| 773 | |g número 34 -35; páginas 139-173 | ||
| 999 | |c 38011 |d 38011 | ||
